000
00342 a2200157 4500
001
71404
020
_a
8516008797
040
_c
Anchieta - Colégio São Paulo
100
_a
Portela, Fernando
240
1
0
_a
Um gordo feliz
_l
por
245
1
0
_a
Um gordo feliz
300
_a
46
362
0
_a
1998
650
4
_a
Literatura juvenil
942
_c
BK
999
_c
71404
_d
71404